[Event "ACT Amsterdam"]
[Site "?"]
[Date "2006.07.22"]
[Round "8"]
[White "Ouwendijk, Vincent"]
[Black "Witt, Rob"]
[Result "0-1"]
[WhiteElo "2210"]
[BlackElo "2296"]
[Annotator "Witt"]
[PlyCount "74"]
[EventDate "2006.??.??"]

{De jonge talentvolle Vincent Ouwendijk was het toernooi goed begonnen met een
overwinning op Arno Bezemer, maar daarna scheen niks meer te lukken met
slechts 1 remise in de volgende 6 ronden.} 1. d4 {Een complete verrassing. Bij
mijn weten opent Vincent alleen maar 1.e4. Achteraf verklaarde hij dat zijn
toernooi toch al mislukt was, zodat hij besloten had om wat ervaring op te
doen met andere openingen.} e6 {Ik vermoedde een voorbereiding van de
Trompovsky 1....Pf6 2.Lg5 en die is hiermee verhinderd.} 2. c4 {Ik probeerde
iets scherps te bedenken wat hij wellicht niet zou kennen. Holland zou in
aanmerking komen, ware het niet dat ik dat al in de 6e ronde gespeeld had. Ik
besloot tot de Ragozin. Wim Nijenhuis had mij laatst een scherpe variant
voorgetoverd waarop ik voor het bord niet de juiste voortzetting op vond.
Goede kans dat dat de jonge Vincent Ouwendijk ook niet zou lukken.} d5 {4'} 3.
Nc3 Bb4 {in deze volgorde heeft Sosonko het ook vaak gespeeld.} 4. Nf3 {2'} Nf6
5. Bg5 {5' Ik realiseerde mij hier niet dat ik tegen Wim eerst op d5 geruid
had.} (5. cxd5 exd5 6. Bg5 h6 7. Bh4 g5 8. Bg3 Ne4 9. Rc1 h5 10. h4 Nxg3 11.
fxg3 Qd6 12. Kf2 gxh4 13. Rxh4 Rg8 $15 14. Kg1 Bxc3 15. Rxc3 Qxg3 $2 16. Rxh5
$16 c6 17. Rxd5 Nd7 $6 18. Rf5 $1 $18 Nb6 19. Ne5 $6 (19. Ng5 $1 Qg4 20. Re3+
Kd8 21. Nxf7+ Kc7 22. Re7+ Kb8 23. Rfe5 $18) 19... Qxc3 20. bxc3 Bxf5 21. a4 $1
{Witt - Nijenhuis, Euwe Intern 11-5-2006 (35.1-0)}) 5... h6 {10'} 6. Bh4 {13'}
(6. Bxf6 {is een rustiger alternatief.}) 6... g5 7. Bg3 Ne4 8. Rc1 {19' Deze
voor de hand liggende zet speelde ik ook tegen Wim.} h5 $1 9. h4 {21'} Nxg3 10.
fxg3 gxh4 {24'} 11. Qa4+ {34'} Nc6 12. Ne5 Qg5 $6 {30'} ({Listiger was toch
eerst} 12... Bd7 $1 13. Nxc6 (13. Nxd7 Qxd7 $17) 13... Qg5 $1 14. Kd1 Bxc3 15.
Rxc3 Bxc6 $17 {In beide gevallen met groot voordeel voor zwart. Het verschil
met de partij is, dat mijn koning in het midden blijft.}) 13. Kd1 Bxc3 {
36' Ook deze ruil was nu nog niet nodig.} (13... Bd7 14. Nxd7 Kxd7 15. gxh4 Qg4
$15) 14. Rxc3 Bd7 15. Nxd7 {38'} Kxd7 16. e4 {54' Creatief gespeeld, maar
helaas toch minder goed.} ({Maar beter was} 16. gxh4 Qg4 17. cxd5 exd5 18. Qb3
{en het is niet zo duidelijk of zwart wel beter staat.}) 16... Qg4+ {57' Na
ruim een kwartier nadenken. Misschien was het alternatief inderdaad riskant.} (
16... dxe4 $5 17. d5 $5 {lijkt op het eerste gezicht niks voor wit, maar ik
vertrouwde het niet en kon het ook niet goed berekenen. Bijv.} (17. gxh4 Qf6
18. d5 exd5 19. cxd5 Qd4+ 20. Qxd4 Nxd4 21. Rc4 Nf5 $17) 17... exd5 18. cxd5
Qxd5+ 19. Kc1 Qa5 $5 (19... Kc8 $5 20. Ba6 $5) (19... a6 $5) 20. Qb3 hxg3 21.
Qxf7+ Kc8 {Lijkt te kunnen voor zwart, maar het is de vooruitberekening niet
te overzien.}) 17. Kc1 {1.11'} Qxe4 18. Bd3 $2 {Hierna staat wit verloren.} ({
Noodzakelijk was} 18. cxd5 $1 Qxd5 ({Vooral niet} 18... Qe1+ $2 19. Kc2 exd5
20. Bb5 $1) (18... exd5 $2 19. Bb5 Rh6 20. Rf1 $13) 19. Bb5 {en wit heeft
gevaarlijke compensatie voor zijn pionnen. Het beste is nu waarschijnlijk} hxg3
20. Rf1 f5 21. Rc5 Qe4 22. Rf3 Rhg8 23. Qd1 Rad8 24. Re5 Qh4 {en hoewel wit
blijft irriteren, denk ik dat zwart er wel uitkomt met behoud van materiaal.})
18... Qxd4 {Wit nog 45', zwart 59' Zwart staat op winst.} 19. Rd1 {42'} Qe3+ {
51'} ({Domweg} 19... hxg3 20. Bc2 Qf4+ 21. Kb1 d4 22. Rf3 Qe5 23. Rxf7+ Kc8 {
is ook winnend.}) 20. Kb1 d4 {Dit idee had wit niet zien aankomen. Nu vond ook
een optimist als Vincent dat hij verloren stond.} 21. Bc2 {31'} (21. Bg6 Qe5 $1
({Vincent vond} 21... Qg5 {vervelend, maar dan kan wit nog irriteren met} 22.
Be4 $17) 22. Bxf7 $4 Qf5+) 21... Qe5 {50'} 22. Rcd3 Ke7 $6 {Die deed ik snel
en gedachtenloos. Er waren betere zetten:} ({Vooral} 22... Rad8 $1 {Ik had hem
wel gezien, maar gedreven door hebzucht vond ik het zonde om pion d4 op te
geven.} 23. Rxd4+ Kc8 24. Rxd8+ Rxd8 25. gxh4 (25. Rxd8+ Kxd8 26. gxh4 Qe1+ 27.
Bd1 Qxh4 {en ik heb nog genoeg pionnen over.}) 25... Rxd1+ 26. Bxd1 Qe4+) ({
en zelfs} 22... Kc8 {was beter geweest.} 23. gxh4 a6) 23. b4 $2 {28' Wit wil
het paard ondermijnen, maar dit helpt alleen maar zwart. De witte
koningsstelling wordt onherstelbaar zwak.} ({Veel beter was} 23. Qa3+ Qd6 24.
c5 Qd5 25. gxh4 {en wit kan misschien nog wat rommelen.}) 23... a6 (23... a5 $5
24. b5 Nb4 25. Rxd4 Rhd8 $19) 24. gxh4 {25'} Rhg8 {44'} 25. Qb3 {18'} b5 {42'}
26. a4 {14'} bxa4 {40' Goed genoeg, maar er was niks tegen} (26... Rxg2 27.
cxb5 axb5 28. a5 Qd6) 27. Qxa4 Qd6 28. c5 {12'} Qd5 29. R1d2 {9'} (29. Bb3 Qxg2
30. R3d2 Qe4+ 31. Bc2 Qd5 32. Bb3 Qd7 $19) 29... e5 {38'} 30. Bb3 {8'} ({
Iets taaier maar ook hopeloos was} 30. Rf2 {met als bedoeling Lb3. Ik was dan
van plan} Rxg2 {er zijn ook andere goede zetten, maar dit lijkt inderdaad de
beste.} 31. Bb3 ({Niet gezien maar gelukkig ook hopeloos is} 31. Rxf7+ Qxf7 32.
Qxc6 Qf1+ 33. Kb2 Qxd3 34. Qxg2 Qc3+ 35. Ka2 Rg8 36. Qxg8 Qxc2+ 37. Ka3 Qd3+
38. Ka4 Qd1+ 39. Ka3 Qf3+ 40. Ka4 d3 {wit heeft geen eeuwig schaak.}) 31...
Rg1+ 32. Kb2 Qh1 $1 $19) 30... Qe4 31. Bd1 {6' Nu volgt een executie.} (31. Bc2
Rab8 32. Rxd4 Qe1+ 33. Rd1 Rxb4+ 34. Rxb4 Qxb4+ 35. Qxb4 Nxb4 $19) 31... Rab8 {
36'} 32. Ka1 {4'} Rxb4 {35'} 33. Qxa6 Rgb8 {33'} 34. Bf3 {2'} Qe1+ 35. Ka2 {1'}
(35. Bd1 Rb1+ {en mat in 12 volgens Fritz.}) 35... Qb1+ 36. Ka3 Qa1+ 37. Ra2
Qc1+ {Eindelijk e en winstpartij. Met dank aan Wim Nijenhuis voor de
aanreiking van het openingsidee!} 0-1

[Event "ACT Amsterdam"]
[Site "Amsterdam NED"]
[Date "2006.07.23"]
[Round "9"]
[White "Witt, Rob"]
[Black "Heemskerk, Wim"]
[Result "1/2-1/2"]
[WhiteElo "2296"]
[BlackElo "2298"]
[PlyCount "66"]
[EventDate "2006.07.15"]

{Laatste ronde tegen Wim Heemskerk. Merkwaardig genoeg hebben we nog nooit
tegen elkaar gespeeld. Dat wilde Wim kennelijk zo houden, want hij bood bij
het begin van de partij meteen remise aan. Dat weigerde ik! De lezer ziet, ik
was wel aangeslagen maar niet gebroken.} 1. d4 Nf6 2. Nf3 e6 3. e3 {Ik wilde
zo 'n opstelling innemen met b3, Lb2, Pbd2 en evt.Pe5 zoals Yusupov regelmatig
met succes speelt. Zwart speelt het echter niet met d5 maar neemt een hedgehog
opstelling in.} b6 4. Bd3 Bb7 5. O-O Be7 6. Nbd2 c5 7. b3 d6 8. Bb2 {10'} Nbd7
{9'} 9. Qe2 {15'} O-O {12'} 10. Ba6 {16' Dit is een paar keer gespeeld.
Misschien is gewoon c4 toch beter.} Qc8 11. Bxb7 Qxb7 12. c4 {24'} Rad8 {25'}
13. e4 {30'} cxd4 {29'} 14. Nxd4 Rfe8 {38'} 15. Rfe1 {32'} ({Mijn tegenstander
vreesde} 15. f4 {maar ik liet het na wegens} e5 16. Nf5 Bf8 {en ik geloof niet
dat wit hier wat heeft, al vindt Fritz van wel.}) 15... Bf8 16. a4 $6 {40'
Mijn idee was om te vervolgen met b3-b4-b5 en een paard op c6 te zetten.
Misschien had ik dan moeten beginnen met b4!?} a5 {48' Verhindert het hele
idee. Ik had eigenlijk niet goed naar die zet gekeken.} 17. Nb5 {45'
Verhindert Pc5.} Be7 {52'} 18. Rad1 {58'} Nc5 {56'} 19. f4 {1.04'} d5 {1.05'
Dit had ik nou juist verhinderd dacht ik.} 20. exd5 $1 {Hier zag Wim pas mijn
bedoeling. Zwart krijgt een dubbelpion. Hij zat nu te balen en ik telde het
punt al bijna.} exd5 {Wit nog 55', zwart 51'} 21. Bxf6 gxf6 {De stelling
blijkt onverwacht voor ons beiden heel ingewikkeld te zijn. Wit moet toch goed
staan, maar het is niet duidelijk wat nu wits beste zet is. Als wit niet
oppast volgen er nare dingen met Pe4 en Lc5+.} 22. cxd5 $6 {48' Dit is in
ieder geval niet de beste.} (22. Kf1 $5) (22. Qg4+) (22. f5) 22... Rxd5 {35'} (
22... Qxd5 23. Nc7) 23. Nc4 {45'} ({In aanmerking kwam ook} 23. Nc3 Rdd8 24.
Nde4 $14) 23... Rxd1 {33'} 24. Rxd1 {35'} Ne4 {31'} 25. Nbd6 $2 {29' Ik dacht
dat dit min of meer gedwongen was, omdat ik niet op het idee kwam dat Lc5+ met
Kf1 beantwoord kan worden. Ik had het beste deze zet vergezeld kunnen laten
gaan met een remiseaanbod omdat hier nog niet zo makkelijk te zien is dat
zwart in het voordeel komt.} ({Ik had hier moeten vervolgen met} 25. Qg4+ Kh8
26. Kf1 {en wit staat toch nog wel beter.}) 25... Bxd6 {28'} 26. Nxd6 Nxd6 27.
Qg4+ (27. Rxd6) 27... Kf8 {22'} 28. Rxd6 {met remiseaanbod. Ik vermoedde wel
dat hij zou weigeren, maar het zou hem in ieder geval wat tijd kosten. TOT
MIJN OPLUCHTING WERD MIJN AANBOD NA EEN KWARTIERTJE AANGENOMEN. Zwart kan op
winst spelen met} Qe7 {En nu wist ik niet zeker welk stuk nu terug naar d1
moest. Waarschijnlijk toch} 29. Qd1 ({Mijn tegenstander had vooral gekeken naar
} 29. Rd1 Qe3+ 30. Kf1 f5 ({Hij overzag daarbij het eenvoudige} 30... Qxb3 {
wat wel zo sterk is.}) 31. Qh5 Qxf4+ 32. Kg1 Qe3+ 33. Kf1 Re4 (33... Kg7 $1)
34. g3 {waar hij niet helemaal uit kwam. Hij vond zichzelf wel een slappe zak
dat hij het niet geprobeerd had, maar zijn zelfvertrouwen was ook aangetast
door eerder in het toernooi mooie stellingen te verpesten.}) 29... Qe3+ 30. Kf1
Qxf4+ 31. Kg1 Qe3+ 32. Kf1 Rc8 33. Rd2 Rc3 $17 {en ook hier ben ik in grote
moeilijkheden. Toch nog een klein gelukje aan het eind van het toernooi. Mocht
ook wel een keer.} 1/2-1/2

[Event "Euwe Intern 06/07"]
[Site "?"]
[Date "2006.09.21"]
[Round "1.3"]
[White "Witt, Rob"]
[Black "Van der Hoeven, Gertjan"]
[Result "1/2-1/2"]
[WhiteElo "2246"]
[BlackElo "2277"]
[Annotator "Witt"]
[PlyCount "69"]

{De 3e ronde van de interne was met 28 spelers en nog twee vluggeraars (Arne
en Peter) redelijk goed bezet. Voor mij was het de 2e partij en mijn onnodige
nul in de eerste ronde tegen Peter Doggers en het rapidtoernooi in de Pijp
hadden mij geleerd dat de vorm er nog niet was. Hetzelfde geldt een beetje
voor Gertjan. Als je onze partij snel naspeelt, lijkt het een redelijk
correcte partij waar niet al teveel gebeurd is. Toch blijken we bij nadere
beschouwing wat mogelijkheden gemist te hebben.} 1. d4 g6 2. e4 Bg7 3. c4 d6 4.
Nc3 Nf6 5. Nf3 O-O 6. Be2 e5 7. O-O Nbd7 8. Be3 {Deze stelling hebben Gertjan
en ik al diverse keren op het bord gehad.} Ng4 ({Onze vorige partijen gingen
altijd verder met} 8... c6 9. d5 c5 10. Ne1 ({en twee of drie keer de in
onbruik geraakte zet van Gligoric} 10. Bg5 h6 11. Bh4 g5 $6 12. Bg3 Nh5) 10...
Ne8 11. g4 ({Gertjan heeft een keer een training gegeven met het zenuwenblokje
dat ontstaat na} 11. Nd3 f5 12. f4)) 9. Bg5 f6 {Ik weet in dit soort
stellingen nooit of de loper nu naar h4 moet of terug naar c1 of d2. Eerlijk
gezegd begrijp ik de nuanceverschillen ook niet. Het heeft weinig zin daar
lang over na te denken, dus ik koos na een paarverspilde minuten voor de
laatste mogelijkheid. Waarschijnlijk is het een kwestie van smaak want in mijn
database staan met elk van de drie loperzetten ca. 180 partijen.} 10. Bd2 {4'}
Nh6 {5' Ik vond het tijdens de partij merkwaardig dat dit paard vrijwillig
terugging, maar het blijkt de meest gespeelde zet te zijn} 11. Qc1 $6 {10' Ik
speelde dit omdat ik mijn loper weer op e3 wilde zetten. Maar het zwarte paard
gaat toch altijd vrijwillig naar f7. Beter was het gebruikelijke} (11. Qc2)
11... Nf7 12. Be3 c6 {8'} 13. dxe5 {16'} ({De centrumspanning handhaven met} 
13. Qc2 {komt ook sterk in aanmerking.}) 13... dxe5 14. c5 Qe7 {21'} ({Gertjan
liet direkt} 14... f5 {na wegens} 15. Ng5 Nxg5 16. Bxg5 $14) 15. Nd2 {26'} (15.
b4 $5) 15... f5 {23'} 16. f3 Bh6 {43' Hier dacht Gertjan lang over na.
Moeilijk te zeggen of dit de beste is. Mijn Le3 doet niet veel en Lg7 dekt
pion e5 als zwart met zijn paarden gaat huppelen.} 17. Bxh6 (17. Nb3 Bxe3+ 18.
Qxe3 {beviel me niet zo omdat Pb3 mijn b-pion blokkeert. Toch komt het wel in
aanmerking.}) 17... Nxh6 18. b4 {29'} ({Het alternatief was} 18. Na4 $5 Nf6 19.
Nc4 (19. Qc3) 19... Nf7 20. Qe3 {met onduidelijk spel.}) 18... a5 {50'} 19. a3
axb4 $6 {A tempo deze mindere zet.} ({Veel beter was} 19... b6 {met
onduidelijk spel.}) 20. axb4 Rxa1 21. Qxa1 b6 {Wit nog 60'; zwart 35'} ({
De zet van Gertjan vond ik heel logisch, maar veiliger was misschien toch} 
21... b5 {maar dan staat wit gewoon iets beter.}) 22. Nb3 $6 {53' Bij nader
inzien was de andere paardzet toch kansrijker. Bijv.} (22. Na4 bxc5 23. bxc5
Kg7 (23... Nxc5 24. Qa3 Qd6 25. Qxc5 Qxd2 26. Bc4+ Nf7 27. Nb6 $16) 24. Qc3 $14
) ({Interessant is ook} 22. Qa8 $1 {Het leek me niks maar ik heb een
belangrijke zet gemist.} bxc5 23. Qxc6 cxb4 24. Nd5 Qc5+ 25. Qxc5 Nxc5 26. Rc1
$1 ({Ik zag alleen} 26. Nxb4 $11) 26... Ba6 {Only move. Het zwarte paard kan
niet weg wegens Pe7+.} 27. Rxc5 Bxe2 28. Nxb4 $14 {en zwart heeft kleine
problemen.}) 22... bxc5 23. bxc5 {Nu is een remiseachtige stelling ontstaan.} (
{Volgens Gertjan had ik hier tussendoor even een schaakje moeten geven.
Waarschijnlijk heeft hij gelijk.} 23. Bc4+ Kg7 24. bxc5 Nf6 25. exf5 {gevolgd
door Te1 lijkt ietsje beter voor wit.}) 23... Nf6 24. Qa4 {48'} ({Een ander
idee was} 24. Qa3 {wat ik naliet wegens} fxe4 ({Zwakker is} 24... Be6 25. Na5
Ra8 26. Qb4 (26. Nxc6 Qb7 27. Na5 Qa7 28. Ra1 Nd7 {levert niks op voor wit.})
26... Qc7 27. Qb6 $14) 25. Nxe4 Nxe4 26. fxe4 Rxf1+ 27. Bxf1 {en ik dacht dat
ik hier misschien minder stond omdat mijn Pb3 wat afzijdig staat. Bij nader
inzien staat het echter gelijk.}) 24... Be6 25. Bc4 fxe4 {28'} 26. fxe4 {41'}
Nhg4 {26'} 27. h3 {36'} ({Ik keek ook naar} 27. Bxe6+ Qxe6 28. Na5 {Maar ik
vertrouwde het niet omdat mijn koningsstelling er een beetje kaal bij ligt.}
Qe7) 27... Ne3 28. Bxe6+ Qxe6 29. Rf3 {35'} Nc2 {14' Ik dacht dat ik hier iets
minder stond, maar dat blijkt niet zo te zijn.} 30. Rf2 Rb8 31. Nd2 $1 {
17' De gelijkmaker.} ({Slecht is} 31. Rxc2 Qxb3 32. Qxb3+ Rxb3 $17) ({Een
alternatief was echter} 31. Qa7) 31... Nd4 {10'} 32. Nf3 Nxf3+ {9'} ({Tijdens
de partij dacht ik dat zwart beter de spanning kon handhaven met} 32... Rd8 {
Maar na bijv.} 33. Qa7 {blijft het gelijk.}) 33. Rxf3 Nd7 {7'} 34. Qa7 {13'}
Rf8 {3'} ({Hier dachten we eerst dat} 34... Rb4 {misschien beter was geweest.
Het idee is om Td3 met Td4 te beantwoorden en eventueel met Tc4 pion c5 te
veroveren. Dat laatste lukt echter niet omdat op Txc5 altijd Td3 lastig is.
Een goed antwoord is o.a.} 35. Kh2 {en} Rc4 $2 {is nu niet goed wegens} 36. Qa2
$1 {bijv.} Kg7 37. Na4 Qg8 38. Nb6 $16) 35. Rd3 $11 {met remiseaanbod.} 1/2-1/2

[Event "Euwe - Unitas 61/2-31/2"]
[Site "?"]
[Date "2006.09.23"]
[Round "1"]
[White "Witt, Rob"]
[Black "Knol, Geon"]
[Result "1/2-1/2"]
[WhiteElo "2246"]
[BlackElo "2185"]
[Annotator "Witt"]
[PlyCount "97"]
[EventDate "2006.??.??"]

{Euwe weer terug in de 1e Klasse waar het ook hoort. Desondanks verwacht ik
een zwaar seizoen. Het was daarom van groot belang om meteen goed te beginnen
tegen Unitas. Gelukkig is dat ook gelukt, mede door het goede spel van onze
twee invallers Said Becic en Ron Hoffman, die 11/2-2 scoorden en daarmee een
belangrijke bijdrage leverden aan de 61/2-31/2 overwinning. Zelf speel ik al
een aantal maanden slecht en ik mocht blij zijn dat ik niet verloor. Ik was
dan ook niet van plan om deze partij te publiceren, maar op aandringen van
Arne doe ik het toch maar met beperkt commentaar.} 1. Nf3 c6 2. c4 Na6 3. e3 {
Achteraf niet de beste. Maar ik realiseerde me hier nog niet welke opstelling
mijn tegenstander nastreefde.} g6 4. Nc3 Bg7 5. d4 d6 6. Be2 f6 7. O-O Nh6 8.
e4 Nf7 9. d5 c5 {Tijdverbruik wit 13'; zwart 5'. Wat valt er over de opening
te zeggen? Vroeger noemden we dit het Du Chattel systeem. Flip Du Chatttel was
een goede speler van 2200 niveau, die dit altijd met succes speelde. Ik heb
geen idee of hij nog schaakt. Ook de bekende Bernard de Bruycker was een
liefhebber van dit systeem. Ach ja, onder de 2400 kun je alles spelen.} 10. Ne1
{met de bedoeling Pd3 en f4 of evt. Lg4. Mijn tegenstander begon nu voor het
eerst serieus na te denken en na 4' kwam het verrassende} e5 {9'} 11. dxe6 Bxe6
12. Nc2 {21' Onder de veranderde omstandigheden besloot ik mijn paard via c2
naar e3 te spelen om veld d5 te bezetten.} ({Beter was achteraf} 12. Nd3 O-O
13. Nf4 {waarmee hetzelfde doel bereikt wordt, maar Lc1 meer bewegingsvrijheid
heeft.}) 12... O-O 13. Ne3 {32'} Nc7 {12'} 14. f4 {38'} Bd7 {14'} 15. Bg4 {43'}
Bc6 {16'} 16. Qd3 {48' Om b7-b5 eruit te halen.} Rb8 {19'} 17. a4 Re8 18. Ned5
$2 {51' Veel te ongeduldig gespeeld zonder ook maar iets uit te rekenen. Ik
geef in een keer het structuele voordeelweg} ({Rustig verder ontwikkelen met} 
18. Bd2 $16 {met duurzaam voordeel. Zwart kan toch niks ondernemen en moet
lijdzaam afwachten hoe wit zijn voordeel vergroot.}) 18... Nxd5 {25'} 19. Nxd5
{57'} ({Juan suggereerde} 19. cxd5 {maar na} Bd7 20. Bxd7 Qxd7 {vind ik het
ook niet duidelijk hoe wit verder moet.}) 19... Bxd5 {38'} 20. cxd5 {60'} (20.
Qxd5 {beviel me niet wegens} Qe7 21. Bf3 f5 22. Re1 (22. exf5 $2 {gaat niet
wegens} Bd4+ 23. Kh1 Qe1) 22... Bd4+ 23. Kh1 Qe6 $13) 20... f5 $1 {40' Van het
witte voordeel is niks meer over.} 21. exf5 Bd4+ 22. Kh1 Nh6 23. Bh3 Nxf5 24.
Bxf5 gxf5 25. Qxf5 Qf6 {Wit nog 58'; zwart 1.15'} 26. Qc2 $6 {49'} (26. Qxf6
Bxf6 {leek me niks voor wit. Zwarts aktiviteit weegt ruimschoots op tegen de
witte pluspion. Misschien heeft wit andere damezetten, maar ik wilde pion b2
niet zomaar opgeven.}) 26... Re7 27. Ra3 {46'} Rbe8 28. Rg3+ Kh8 {1.12'} 29. b3
$2 {33' Dit kan wit zich echt niet permitteren.} ({Noodzakelijk was} 29. Bd2 {
met onduidelijke verwikkelingen.}) 29... Re1 $1 {1.07' Wint geforceerd. Om de
een of andere reden verwachtte ik} (29... Re2 30. Qd3 {en nu bijv.} ({Vooral
niet} 30. Qd1 $2 Bf2 $1 $19) 30... Re1 (30... Qf7 $5) 31. Bd2 Rxf1+ 32. Qxf1
Qf5 33. Rf3 (33. Qd3 Qxf4 34. Rf3 Qe4 $15) 33... Qxd5 34. f5 {met een
spannende stelling.}) 30. Rgf3 {31'} R8e2 {1.05' Dit hele idee had ik gemist.}
31. Qd3 Qg7 {1.03'} 32. g3 Qg4 {58' wint ook wel, maar met het verkeerde idee.}
({Tijdens de partij zag ik} 32... Qh6 33. h4 Qh5 {en wit heeft geen
verdediging meer. Bijv.} 34. Rxe1 Rxe1+ 35. Rf1 Qg4 $19 ({Nog simpeler wint} 
35... Qxd5+ 36. Kh2 Rxc1)) (32... Qf7 {wint ook.}) 33. Rxe1 {26'} Rxe1+ 34. Rf1
Rxf1+ $2 {55'} (34... Re2 $1 {met de dreiging Dh5 wint.}) 35. Qxf1 Qf5 {
Tot zover had mijn tegenstander gerekend toen hij tot 32...Dg4 besloot. Hij
dacht dat het uit was, maar had wits volgende zet overzien.} 36. Kg2 $1 {
22' Only move.} Qc2+ {47'} (36... Qxd5+ 37. Qf3 $13) 37. Kh3 Qxb3 38. Qe2 {17'}
Qxd5 {42'} 39. Qe7 $2 {13'} ({Ik had toch het normale} 39. Qe8+ {moeten spelen.
Waarschijnlijk is het remise na bijv.} Qg8 40. Qd7 d5 41. f5) 39... Qf5+ $2 {
40' Mijn tegenstander blijft gewoon te snel spelen.} ({Goede winstkansen bood
nog} 39... h5 40. Qd7 Kg8) (39... h6 $5) 40. g4 {10'} Qd3+ {38'} 41. Kg2 {
Vanaf hier begon mijn tegenstander veel rond te lopen om te kijken hoe het op
de andere borden toeging. Zwart heeft natuurlijk remise, maar indien nodig kan
hij ook misschien nog op winst spelen hoewel dat zekere risico's met zich
meebrengt. Zelf was ik op dit moment volkomen relaxed. Zwart zal wel remise
maken en als hij dat niet doet, krijg ik ook weer kansen.} Qc2+ 42. Kh3 Qb3+
43. Kg2 Qd5+ 44. Kg3 Kg8 {Na ruim 20' nadenken cq. rondlopen. De enige
winstkans was h6 of h5.} 45. Qe8+ Kg7 46. Qe7+ Qf7 47. Qg5+ (47. Qxd6 {zou ik
gespeeld hebben als ik had moeten winnen. Remise was echter voldoende.}) 47...
Qg6 ({Ik verwachtte eerlijk gezegd} 47... Kf8 48. Qd8+ Qe8 49. Qxd6+ Qe7 {
met een volstrekt onduidelijk eindspel.}) 48. Qe7+ Qf7 49. Qg5+ {En hier kwame
n we remise overeen. Ik vind het een blamage dat ik zo'n stelling na een zet
of 15 niet weet te winnen van een zwakkere tegenstander. Erger nog, ik mag
dankbaar zijn dat ik remise maak. Gelukkig was deze partij niet van belang
voor de einduitslag.} 1/2-1/2